The green horizon Malaysia : A most delightful journey through Malaysia's rainforest
| Main Author: | |
|---|---|
| Format: | Book |
| Published: |
Kuala Lumpur :
Lin Kok Wing Interprated Sdn. Bhd. ,
1995
|
| Subjects: |
MARC
| LEADER | 00000cam a2200000 7i4500 | ||
|---|---|---|---|
| 001 | 0000004313 | ||
| 005 | 20050513.0 | ||
| 020 | |a 9839906135 | ||
| 040 | |a INS | ||
| 090 | 0 | 0 | |a SD235.M37 |b M37 1995 |
| 100 | 1 | |a Yong Hoi Sen | |
| 245 | 1 | 4 | |a The green horizon Malaysia : |b A most delightful journey through Malaysia's rainforest |c Yong Hoi Sen |
| 260 | |a Kuala Lumpur : |b Lin Kok Wing Interprated Sdn. Bhd. , |c 1995 | ||
| 300 | |a 153 pgs.. | ||
| 651 | 0 | |a Malaysia |x Description and travel | |
| 999 | |a 0000007221 |b BOOK |c Open Shelf |e Default branch | ||